| 000 | 01642cam a22004094a 4500 | ||
|---|---|---|---|
| 999 |
_c57964 _d57964 |
||
| 001 | 11814183 | ||
| 005 | 20210412130930.0 | ||
| 008 | 991019s2000 nyu b 001 0 eng | ||
| 010 | _a 99054661 | ||
| 020 | _a0312231199 (cloth) | ||
| 020 | _a0312231202 (pbk.) | ||
| 040 |
_aDLC _cDLC _dDLC |
||
| 042 | _apcc | ||
| 043 | _ae------ | ||
| 050 | 0 | 0 |
_aJN15 _b.R66 2000 |
| 080 | _a321.02 R-79 | ||
| 082 | 0 | 0 |
_a321.02/094 _221 |
| 100 | 1 |
_aRosamond, Ben. _911211 |
|
| 245 | 1 | 0 |
_aTheories of European integration / _cBen Rosamond. |
| 260 |
_aNew York : _bSt. Martin's Press, _c2000. |
||
| 300 |
_axiii, 232 p. ; _c24 cm. |
||
| 440 | 4 |
_aThe European Union series _910861 |
|
| 504 | _aIncludes bibliographical references (p. 206-225) and index. | ||
| 610 | 2 | 0 |
_aEuropean Union. _911212 |
| 650 | 0 |
_aEuropean federation. _911213 |
|
| 653 | _aTheories of European Integration | ||
| 653 | _aევროპული ინტეგრაციის თეორიები | ||
| 653 | _aპოლიტიკა | ||
| 653 | _aТеории европейской интеграции | ||
| 653 | _aПолитика | ||
| 856 | 4 | 2 |
_3Contributor biographical information _uhttp://www.loc.gov/catdir/bios/hol058/99054661.html |
| 856 | 4 | 2 |
_3Publisher description _uhttp://www.loc.gov/catdir/description/hol057/99054661.html |
| 856 | 4 | 1 |
_3Table of contents _uhttp://www.loc.gov/catdir/toc/hol053/99054661.html |
| 906 |
_a7 _bcbc _corignew _d1 _eocip _f19 _gy-gencatlg |
||
| 942 |
_2udc _cBK |
||
| 955 | _ato SSCD pv08 10-19-99; sb16 10-21-99; sb30 10-21-99; to Dewey 10-21-99;aa03 10-22-99; CIP ver. sc19 01-25-01; sc02 to BCCD 01-25-01 | ||